<?xml version="1.0" encoding="UTF-8"?><?xml-stylesheet type="text/xsl" href="static/style.xsl"?><OAI-PMH xmlns="http://www.openarchives.org/OAI/2.0/" xmlns:xsi="http://www.w3.org/2001/XMLSchema-instance" xsi:schemaLocation="http://www.openarchives.org/OAI/2.0/ http://www.openarchives.org/OAI/2.0/OAI-PMH.xsd"><responseDate>2026-04-18T04:18:33Z</responseDate><request verb="GetRecord" identifier="oai:www.recercat.cat:10230/59520" metadataPrefix="marc">https://recercat.cat/oai/request</request><GetRecord><record><header><identifier>oai:recercat.cat:10230/59520</identifier><datestamp>2025-12-13T21:16:16Z</datestamp><setSpec>com_2072_6</setSpec><setSpec>col_2072_452952</setSpec></header><metadata><record xmlns="http://www.loc.gov/MARC21/slim" xmlns:dcterms="http://purl.org/dc/terms/" xmlns:xsi="http://www.w3.org/2001/XMLSchema-instance" xmlns:doc="http://www.lyncode.com/xoai" xsi:schemaLocation="http://www.loc.gov/MARC21/slim http://www.loc.gov/standards/marcxml/schema/MARC21slim.xsd">
   <leader>00925njm 22002777a 4500</leader>
   <datafield ind2=" " ind1=" " tag="042">
      <subfield code="a">dc</subfield>
   </datafield>
   <datafield ind2=" " ind1=" " tag="720">
      <subfield code="a">Bosch-Compte, Raquel</subfield>
      <subfield code="e">author</subfield>
   </datafield>
   <datafield ind2=" " ind1=" " tag="720">
      <subfield code="a">Visa Turmo, Laura</subfield>
      <subfield code="e">author</subfield>
   </datafield>
   <datafield ind2=" " ind1=" " tag="720">
      <subfield code="a">Rios, Alejandro</subfield>
      <subfield code="e">author</subfield>
   </datafield>
   <datafield ind2=" " ind1=" " tag="720">
      <subfield code="a">Duran Jordà, Xavier, 1974-</subfield>
      <subfield code="e">author</subfield>
   </datafield>
   <datafield ind2=" " ind1=" " tag="720">
      <subfield code="a">Fernández-Real, Maria</subfield>
      <subfield code="e">author</subfield>
   </datafield>
   <datafield ind2=" " ind1=" " tag="720">
      <subfield code="a">Gomariz-Vilaldach, Gemma</subfield>
      <subfield code="e">author</subfield>
   </datafield>
   <datafield ind2=" " ind1=" " tag="720">
      <subfield code="a">Masclans Enviz, Joan Ramon</subfield>
      <subfield code="e">author</subfield>
   </datafield>
   <datafield ind2=" " ind1=" " tag="260">
      <subfield code="c">2024-03-22T08:15:55Z</subfield>
   </datafield>
   <datafield ind2=" " ind1=" " tag="260">
      <subfield code="c">2024-03-22T08:15:55Z</subfield>
   </datafield>
   <datafield ind2=" " ind1=" " tag="260">
      <subfield code="c">2023</subfield>
   </datafield>
   <datafield ind2=" " ind1=" " tag="520">
      <subfield code="a">The aim of the present study was to identify factors predicting in-hospital mortality in patients with cancer admitted to a medical Intensive Care Unit (ICU), and to evaluate their functional status and survival during follow-up at the oncology service in the initial 12 months after hospital discharge. A retrospective observational study was performed on 129 consecutive oncological patients with solid tumours admitted to the medical ICU of the Hospital del Mar (Barcelona, Spain) between January 2016 and June 2018. Demographics, and clinical data in-ICU and in-hospital mortality were recorded. Post-hospital discharge follow-up was also carried out. ICU and hospital mortality rates were 24% (n=31) and 40.3% (n=52), respectively. Sequential Organ Failure Assessment (SOFA) score (HR, 1.20; 95% CI, 1.01-1.42; P=0.037), neutropenia on admission (HR, 8.53; 95% CI, 2.15-33.82; P=0.002), metastatic disease (HR, 3.92; 95% CI, 1.82-8.45; P&amp;lt;0.001), need for invasive mechanical ventilation (HR, 5.78; 95% CI, 1.61-20.73; P=0.007), surgery during hospital admission (HR, 0.23; 95% CI, 0.09-0.61; P=0.003) and ICU stay (&amp;gt;48 h) (HR, 0.11; 95% CI, 0.04-0.29; P&amp;lt;0.001) were the independent risk factors for ICU mortality. Overall, 59.5% of the survivors had good functional status at hospital discharge and 28.7% of patients with cancer admitted to the ICU were alive 1 year after hospital discharge, most of them (85.7%) with good functional status (Eastern Cooperative Oncology Group 0-1). In conclusion, hospital mortality may be associated with SOFA score at ICU admission, the need for invasive mechanical ventilation, neutropenia and metastatic disease. Only 40% of patients with oncological disease admitted to the ICU died during their hospital stay, and &amp;gt;50% of the survivors presented good functional status at hospital discharge. Notably, 1 year after hospital discharge, 28.7% of patients were alive, most of them with a good functional status.</subfield>
   </datafield>
   <datafield tag="653" ind2=" " ind1=" ">
      <subfield code="a">Critical illness</subfield>
   </datafield>
   <datafield tag="653" ind2=" " ind1=" ">
      <subfield code="a">In-hospital mortality</subfield>
   </datafield>
   <datafield tag="653" ind2=" " ind1=" ">
      <subfield code="a">Long-term follow-up</subfield>
   </datafield>
   <datafield tag="653" ind2=" " ind1=" ">
      <subfield code="a">Oncological patients</subfield>
   </datafield>
   <datafield tag="653" ind2=" " ind1=" ">
      <subfield code="a">Prognostic factors</subfield>
   </datafield>
   <datafield ind2="0" ind1="0" tag="245">
      <subfield code="a">Prognostic factors in oncological patients with solid tumours requiring intensive care unit admission</subfield>
   </datafield>
</record></metadata></record></GetRecord></OAI-PMH>